|
|
|
|
| LEADER |
00000cam a2200000 a 4500 |
| 001 |
2839 |
| 005 |
20230308160601.0 |
| 008 |
000000|1889 ||||||||r|||||||||||spa|| |
| 040 |
|
|
|b spa
|
| 041 |
1 |
|
|a fre
|
| 082 |
0 |
|
|a 627
|
| 100 |
1 |
|
|a Charpentier de Cossigny, J.
|9 19673
|
| 245 |
|
|
|a Hydraulique Agricole
|c J. Charpentier de Cossigny
|h imp
|
| 250 |
|
|
|a 2a ed.
|
| 264 |
|
|
|a París
|b Baudry et Cie, Libraires-Editeurs
|c 1889
|
| 300 |
|
|
|a 309 páginas:
|b ilu
|c 24 cm
|
| 490 |
|
|
|a Encyclopédie des travaux publics
|
| 504 |
|
|
|a incl. ref.
|
| 650 |
|
0 |
|a Hidrología
|9 19624
|
| 852 |
|
|
|a UC-CDJBV
|c ESTANTERIA CERRADA
|f Compra
|k guillermina.martinez
|l 1
|m Limitada
|p 00000000
|q 6,00
|t 2839
|b 1
|d CDRC
|e CDRC
|g 627 ESTANTERIA CERRADA
|z 0000-00-00
|
| 942 |
|
|
|c BK
|
| 999 |
|
|
|c 11204
|d 11204
|